Statistics for Bayer Leverkusen Scorers in 2010s Champions League

Click here to take the quiz!

General Stats

  • This quiz has been taken 55 times
  • The average score is 9 of 22

Answer Stats

PlayerNationGls% Correct
Son Heung-minSouth Korea3
96%
Javier HernándezMexico6
92%
Hakan ÇalhanoğluTurkey5
69%
Stefan KießlingGermany4
67%
Karim BellarabiGermany2
63%
Ömer ToprakTurkey2
54%
Kevin KamplSlovenia2
46%
Kevin VollandGermany1
46%
Lars BenderGermany1
44%
Simon RolfesGermany3
42%
Giulio DonatiItaly1
35%
Julian BrandtGermany1
33%
Admir MehmediSwitzerland5
31%
Sidney SamGermany3
31%
Eren DerdiyokSwitzerland2
29%
Michael BallackGermany1
29%
Kyriakos PapadopoulosGreece2
25%
André SchürrleGermany1
17%
Michal KadlecCzechia1
17%
Jens HegelerGermany1
15%
Vladlen YurchenkoUkraine1
13%
Manuel FriedrichGermany1
8%

Score Distribution

Percentile by Number Answered

Percent of People with Each Score

Your Score History

You have not taken this quiz